Export credit financing systems in OECD member countries and non-member economies

Saved in:
Bibliographic Details
Format: Book
Language:English
Published: Paris OECD 2001
Series:Industry, services and trade
Subjects:
Tags: Add Tag
No Tags, Be the first to tag this record!

MARC

LEADER 00000nam a2200000 4500
001 c129037
005 20221124105137.6
020 |a 92-64-18634-4 
041 0 |a eng 
044 |a FR 
245 1 0 |a Export credit financing systems in OECD member countries and non-member economies 
264 1 |a Paris  |b OECD  |c 2001 
300 |a [400 s.] 
490 1 |a Industry, services and trade 
830 0 |a Industry, services and trade 
610 2 0 |a úver vývozný 
610 2 0 |a financovanie 
610 2 0 |a porovnanie medzinárodné 
610 2 0 |a pôžičky 
610 2 0 |a pôžičky medzinárodné 
610 2 0 |a pôžičky zahraničné 
610 2 0 |a vývoz 
610 2 0 |a financovanie 
610 2 0 |a svet 
610 2 0 |a OECD